Englisch kack Vokabeltest - Statistiken

Allgemein
  • Dieses Quiz wurde 54 mal gespielt
  • Das Durchschnittsergebnis liegt bei 8 aus 114
Antwortstatistiken
Deutsch Englisch % Korrekt
divers, vielfältig diverse
67%
Hochschule, Universität uni
36%
Psychologe, Psychologin psychologist
29%
Konformität conformity
27%
Neid envy
27%
Klischee, Stereotyp stereotype
24%
stöhnen to moan
24%
Emanzipation, Befreiung emancipation
22%
Abwanderung Migration migration
20%
Schlaflosigkeit insomnia
18%
Schleuser/-in, Schmuggler/-in smuggler
18%
eine exotische Trophäe an exotic trophy
16%
illegale/-r Einwanderer/Einwanderin illegal immigrant
16%
Grenzüberwachung border control
13%
Migrationsweg, Flüchtlingsroute migration route
13%
Asylsuchende/-r, Asylbewerber/-in asylum seeker
11%
Zivilperson civilian
11%
Gruppenzwang group pressure
11%
Heimatland homeland
11%
Einwanderungspolitik immigration policy
11%
Unmenschlich inhumane
11%
Flüchtling refugee
11%
restriktiv, be-/einschränkend restrictive
11%
Gebraucht second-hand
11%
Stressfaktor stressor
11%
jdn würgen jdm die Kehle zuschnüren to choke sb
11%
Durchreiseland, Transitland transit country
11%
Zielland destination country
9%
Wirtschaftsflüchtling economic migrant
9%
Ungleichheit inequality
9%
Mangel an Selbstwertgefühl lack of self-esteem
9%
Marginalisierung marginalization
9%
Mehrere soziale und ökonomische Zwänge/Druck multiple social and economic pressures
9%
erstickend, beklemmend suffocating
9%
Erstrickung suffocation
9%
Fliehen (aus), flüchten to flee
9%
ersticken to suffocate
9%
mit jdm Mitgefühl empfinden to sympathize with sb
9%
umwickeln to wrap around
9%
leer blank
7%
Treibende Kraft driving force
7%
Öffentlich in public
7%
Unsichtbare Belastungen Invisible Burdens
7%
Wohlstand | Wohlstand, Reichtum prosperity
7%
Rassismus und kulturelles Missverständnis racism and cultural misunderstanding
7%
kurzfristig short-term
7%
Sein Verhalten verändern to change one's behavior
7%
jds Erwartungen übertreffen to exceed/surpass sb's expectations
7%
Ausbeutung erfahren to face exploitation
7%
Probleme mit jmd haben to have issues with sb
7%
jds Erwartungen erfüllen to live up to sb's expectations
7%
Unbewohnbar uninhabitable
7%
Freiwillig voluntarily
7%
Ein Erstickungsgefühl a choking sensation
4%
Entfremdung alienation
4%
Grundlegender menschlicher Instinkt basic human instinct
4%
Klimamigrant/-in climate migrant
4%
Verbrechen gegen die Menschheit crime against humanity
4%
Privat in private
4%
Zugehörigkeitsbedürfnis need to belong
4%
Verfolgung persecution
4%
Meeresspiegelanstieg rising sea level
4%
Oberflächlich superficial
4%
(sich) an etw anpassen to adapt to sth
4%
etw. annehmen to assume sth
4%
jdn (an)locken to lure sb
4%
jdm die Daumen drücken, jdn anfeuern, unterstützen to root for sb
4%
sich nach etw. sehnen to yearn for sth
4%
Akunna's psychische und emotionale Belastung Akunna's psychological and emotional burden
2%
Ein anhaltendes Bedrohungsgefühl an ongoing sense of threat
2%
Gefügigkeit compliance
2%
herabsetzend, herablassend condescending
2%
Distanziertheit detachment
2%
Geringschätzung,Verachtung disdain
2%
Exotisierende Fragen exoticizing questions
2%
Profit financial gain
2%
wirklich, ehrlich genuinely
2%
bösartig, gemein nasty
2%
Als ein sich zu ziehender Griff empfunden werden To be felt as one tightening grip
2%
jds Erwartungen nicht erfüllen to fail to meet sb's expectations
2%
jdn/etw anstarren to gaze at sb/sth
2%
etw. hervorheben to highlight sth
2%
Jmdn bestrafen to punish sb
2%
Eine Quote festlegen to set a quota
2%
etw schätzen to value sth
2%
Akunnas diasporische Existenz Akunna's diasporic condition
0%
Angst und körperliches Unwohlsein Anxiety and bodily distress
0%
Körperliches Bild der Einengung bodily image of construction
0%
Wunsch nach etw desire for sth
0%
Schädlich detrimental
0%
enttäuscht, ernüchtert disillusioned
0%
Vertreibung displacement
0%
Erfahrung von Entwurzelung, Rassismus, wirtschaftliche Unsicherheit experiences of dislocation, racism, economic insecurity
0%
Momente überwältigenden Stresses und Einsamkeit moments of overwhelming stress and loneliness
0%
Aus wirtschaftlicher Not out of economic necessity
0%
Anhaltend persistent
0%
Ablehnung, Abneigung,Feindseligkeit, Verbitterung resentment
0%
Selbsthass self-loathing
0%
Sozialer Frieden social harmony
0%
Gesellschaftliche Stellung social standing
0%
das Gewicht angesammelterEnttäuschung und Ängste the weight of accumulated disappointments and fears
0%
Ausgeschlossen sein to be left out
0%
Aus der Reihe fallen to be the odd one out
0%
verdünnen to dilute
0%
Eine Realität der Isolation erkennen to discover a reality of isolation
0%
etw betreiben, etw verfolgen to draw sth up
0%
sich jmdm anpassen to fit in with sb
0%
mit der Herde laufen to follow the crowd
0%
sich jmdm/etw anschließen, mitziehen to go along with sb/sth
0%
Ums Leben kommen to lose one's life
0%
jdn bevormunden to patronize sb
0%
Sich dagegen wehren, etw zu tun to resist doing sth
0%
Blind unchecked
0%
Keine übereinstimmenden Quizze gefunden
Verteilung der Resultate
Anzahl Personen mit jedem Resultat
Perzentil nach korrekt beantworteten Fragen
Ihre Resultats-Entwicklung
Sie haben dieses Quiz noch nicht gespielt